| 000 | 00533nam a22001937a 4500 | ||
|---|---|---|---|
| 003 | KOHA_MİRAKIL | ||
| 005 | 20251111083427.0 | ||
| 008 | 251111b tu ||||| |||| 00| 0 tur d | ||
| 020 | _a9789755336343 | ||
| 040 |
_aTR-AnABB _btur _cTR-AnABB |
||
| 041 | _atur | ||
| 082 |
_a823.8 _bDIC 2011 |
||
| 100 | 1 | _aDickens, Charles, | |
| 245 | 1 | 0 |
_aEdwin Drood'un gizemi / _cCharles Dickens |
| 260 |
_aAnkara : _bİmge Kitapevi, _c2011 |
||
| 300 |
_a421 sayfa ; _c20 cm |
||
| 650 | 0 | 4 | _aİngiliz edebiyatı, roman |
| 942 |
_2ddc _cBK |
||
| 999 |
_c9327 _d9327 |
||
| 900 | _bGizem YORULMAZ | ||